00601nam a22002051a 45000010005000000030008000050050017000130080041000300350018000710400041000890410008001300820018001381000023001562450064001792600036002433000021002794900044003005040027003446500024003712660BD-RjUL20211208233609.0150620s1954 nyu b 000 0 eng  a(BD-RjUL)2687 aDLCcODaWUdOCoLCdDLCdBD-RjULbeng aeng a301bCHS 19541 aChambliss, Rollin.10aSocial thought, from Hammurabi to Comte /cRollin Chambliss aNew York :bDryden Press,c1954 a469 p. ;c25 cm.0 aThe Dryden Press sociology publications aIncludes bibliography. 0aSociologyxHistory.